Les 10 plus grandes villes d'Ukraine - Statistiques

Statistiques générales
  • Ce quiz a été pris 336 fois
  • Le résultat moyen est 6 sur 10
Statistiques - réponses
Population Villes % Correct
2 797 553 Kiev
100%
1 001 558 Odessa
89%
1 430 885 Kharkiv
87%
1 024 700 Donetsk
79%
717 803 Lviv
78%
1 032 822 Dnipro
60%
481 626 Marioupol
58%
796 217 Zaporijia
43%
510 840 Mykolaïv
19%
652 380 Kryvy Rih
9%
Aucun quiz correspondant
Distribution des résultats
% des personnes avec chaque résultat
Percentile par nombre de réponses
Votre historique - résultats
Vous n’avez pas pris ce quiz